<The> Art and Science of Innovation Management <An> International Perspective. Proceedings of the Fourth International Conference on Product Innovation Management, Innsbruck/Igls, Austria, August 26-28, 1985
Uložené v:
| Ďalší autori: | |
|---|---|
| Médium: | Kniha |
| Jazyk: | English |
| Vydavateľské údaje: |
Amsterdam
Elsevier
1986
|
| Vydanie: | 1. ed. |
| Tagy: |
Žiadne tagy, Buďte prvý, kto otaguje tento záznam!
|
MARC
| LEADER | 00000nam a2200000 4500 | ||
|---|---|---|---|
| 001 | c030920 | ||
| 005 | 20221220071034.5 | ||
| 041 | 0 | |a eng | |
| 044 | |a NL | ||
| 245 | 1 | 0 | |a <The> Art and Science of Innovation Management |b <An> International Perspective. Proceedings of the Fourth International Conference on Product Innovation Management, Innsbruck/Igls, Austria, August 26-28, 1985 |c Edit. Heinz Hübner |
| 250 | |a 1. ed. | ||
| 264 | 1 | |a Amsterdam |b Elsevier |c 1986 | |
| 300 | |a 452 s. | ||
| 700 | 1 | |a Hübner, Heinz | |